| 000 | 00845nam a22002177a 4500 | ||
|---|---|---|---|
| 999 |
_c17974 _d17974 |
||
| 003 | AR-CdUCM | ||
| 008 | 190510b ||||| |||| 00| 0 spa d | ||
| 040 |
_aMUNICIPALIDAD PROVINCIAL DEL CUSCO _cBIBLIOTECA MUNICIPAL DEL CUSCO |
||
| 082 |
_a869.303 / _bS55 |
||
| 100 |
_aSilva Castro, Raúl _96368 |
||
| 245 | _aPanorama de la novela chilena (1843-1953) / | ||
| 260 |
_aMéxico D.F : _bFondo de Cultura Económica, _c1955. |
||
| 300 |
_a224 páginas ; _c22 cm. |
||
| 440 |
_aColección tierra firme _n59 _938272 |
||
| 505 | _aContenido: José Victorino Lastarria y otroa precursores -- Blest Gana en su primera época -- Los folletinistas -- Novelistas del siglo XIX... | ||
| 650 |
_aNovela chilena _99974 |
||
| 650 |
_aHistoria y crítica _95993 |
||
| 650 |
_aEscritores chilenos _938273 |
||
| 942 |
_2ddc _cLIBROS |
||
| 945 |
_adavv _d2019-05-10 |
||